Normal view MARC view
  • Lembaga Penyelidikan Undang-Undang,

Entry Corporate Name

Number of records used in: 1

001 - CONTROL NUMBER

  • control field: 8291

003 - CONTROL NUMBER IDENTIFIER

  • control field: OSt

005 - DATE AND TIME OF LATEST TRANSACTION

  • control field: 20170525155223.0

008 - FIXED-LENGTH DATA ELEMENTS

  • fixed length control field: 170525|| aca||aabn | a|a d

040 ## - CATALOGING SOURCE

  • Original cataloging agency: OSt
  • Transcribing agency: OSt

110 ## - HEADING--CORPORATE NAME

  • Corporate name or jurisdiction name as entry element: Lembaga Penyelidikan Undang-Undang,
  • Relator term: editor.

670 ## - SOURCE DATA FOUND

  • Source citation: Work cat.: (OSt)0: Malaysia, jurisdiction governed. 400, UNDANG-UNDANG AM MALAYSIA : JILID II /
Pusat Sumber Maklumat Dato' Haji Sarmin Md Hussin, Akademi Kastam Diraja Malaysia, Melaka
Tel: 06-2331106 | Faks: 06-2313787